000 00969nam2a22002411 4500
001 rc\205596
005 20250621062527.0
010 _a5-05-004113-9
035 _a(NLR Aleph) 005621961
090 _a6503123
_c6503123
100 _a20030307d1993 |||y0rusy50 ca
101 0 _arus
102 _aRU
105 _aa |||||||||
200 0 _aТ. 1
_fПер. Н. Федоровой
210 _d1993
_aБ. м.
215 _a444, [1] с.
_cил.
461 0 _1001rc\205595
_12001#$aЗлой$eДетектив$e[В 2 т.]$eПер. с польского$fЛеопольд Тырманд$g[Худож. В. Тихомиров]$vТ. 1
_1700#1$aТырманд$bЛ.$gЛеопольд
_96503115
_aТырманд, Л.
_cМ.
_d1993
_fЛеопольд Тырманд
_nРадуга
_oДетектив : [В 2 т.] : Пер. с польского
_tЗлой
_y5050041120
_vТ. 1
801 0 _aRU
_bNLR
_gpsbo
801 1 _aRU
_bELAR
_2rusmarc
852 _aNLR
_j93-3/1237
942 _cBOOK
980 _aNB